[Event "Baunatal op 5th"]
[Site "Baunatal"]
[Date "1999.08.15"]
[Round "7"]
[White "Kaid, Almar"]
[Black "Meijere, Agnese"]
[Result "1/2-1/2"]
[WhiteElo "2257"]
[BlackElo "2150"]
[PlyCount "41"]
[EventDate "1999.08.??"]
[EventType "swiss"]
[EventRounds "7"]
[EventCountry "GER"]
[SourceTitle "EXT 2000"]
[Source "ChessBase"]
[SourceDate "1999.11.16"]
[SourceVersion "1"]
[SourceVersionDate "1999.11.16"]
[SourceQuality "1"]

1. Nf3 Nf6 2. g3 d5 3. Bg2 e6 4. c4 b6 5. 0-0 Bb7 6. b3 Be7 7. Bb2 0-0 8. e3 c5 9. Nc3 Nbd7 10. cxd5 Nxd5 11. Nxd5 Bxd5 12. d4 Rc8 13. Rc1 cxd4 14. Nxd4 Rxc1 15. Qxc1 Bxg2 16. Kxg2 Nc5 17. Qc2 Qd5+ 18. Kg1 Bf6 19. Rc1 Bxd4 20. Bxd4 Ne4 21. Qc6 1/2-1/2

[Event "Baunatal op 5th"]
[Site "Baunatal"]
[Date "1999.08.14"]
[Round "4"]
[White "Meins, Gerlef"]
[Black "Meijere, Agnese"]
[Result "1-0"]
[WhiteElo "2421"]
[BlackElo "2150"]
[PlyCount "125"]
[EventDate "1999.08.??"]
[EventType "swiss"]
[EventRounds "7"]
[EventCountry "GER"]
[SourceTitle "EXT 2000"]
[Source "ChessBase"]
[SourceDate "1999.11.16"]
[SourceVersion "1"]
[SourceVersionDate "1999.11.16"]
[SourceQuality "1"]

1. d4 d5 2. c4 e6 3. Nf3 Nf6 4. g3 dxc4 5. Bg2 Nc6 6. Qa4 Bb4+ 7. Bd2 Nd5 8. Bxb4 Ndxb4 9. a3 b5 10. Qxb5 Nc2+ 11. Kd2 Nxa1 12. Qxc6+ Bd7 13. Qxc4 c5 14. Qa2 Qa5+ 15. Nc3 Rd8 16. Qxa1 cxd4 17. Nxd4 e5 18. Nb3 Qb6 19. Kc2 0-0 20. Nd2 Bf5+ 21. Nde4 Rb8 22. Rd1 Qxf2 23. Rf1 Qxg2 24. Rxf5 Rfc8 25. Kd3 Rd8+ 26. Kc2 Rbc8 27. Kb3 Qxh2 28. Qf1 Qh6 29. Rxe5 Qb6+ 30. Ka2 a5 31. Qf5 g6 32. Qf6 Rc6 33. Qe7 Qd4 34. Rc5 Re6 35. Qb7 a4 36. Qb5 Rxe4 37. Nxe4 Qxe4 38. Rc4 Qxe2 39. Qxa4 Qf3 40. Rc3 Qd5+ 41. Qc4 Qh1 42. Rd3 Re8 43. Rd7 Qf3 44. Qd5 Qf6 45. a4 Rb8 46. Rb7 Rxb7 47. Qxb7 h5 48. a5 h4 49. gxh4 Qxh4 50. Qc6 Qb4 51. a6 g5 52. Qc8+ Kh7 53. Qf5+ Kh6 54. Qf6+ Kh5 55. Qxf7+ Kh4 56. Qh7+ Kg3 57. Qc7+ Kh4 58. b3 Qd2+ 59. Ka3 Qe1 60. a7 Qa1+ 61. Kb4 Qe1+ 62. Kb5 Qa1 63. Qh2+ 1-0

[Event "Baunatal op 5th"]
[Site "Baunatal"]
[Date "1999.08.13"]
[Round "2"]
[White "Krueger, Bernhard"]
[Black "Meijere, Agnese"]
[Result "0-1"]
[WhiteElo "1541"]
[BlackElo "2150"]
[PlyCount "94"]
[EventDate "1999.08.??"]
[EventType "swiss"]
[EventRounds "7"]
[EventCountry "GER"]
[SourceTitle "EXT 2000"]
[Source "ChessBase"]
[SourceDate "1999.11.16"]
[SourceVersion "1"]
[SourceVersionDate "1999.11.16"]
[SourceQuality "1"]

1. b4 d5 2. Bb2 Nf6 3. Nf3 e6 4. b5 Bd7 5. e3 c5 6. c4 Be7 7. a4 a6 8. Nc3 axb5 9. cxb5 0-0 10. Be2 Qb6 11. Ba3 Bd6 12. Qc2 Rc8 13. 0-0 Be8 14. Rfc1 Nbd7 15. Bb2 Ne5 16. Nxe5 Bxe5 17. f4 Bd6 18. Kh1 c4 19. Bf3 Nd7 20. Ne2 Nc5 21. Bd4 Qd8 22. Bxc5 Bxc5 23. Qc3 Qd6 24. Rcb1 b6 25. Nd4 Ra7 26. Bd1 Rca8 27. Nf3 f6 28. Bc2 Ra5 29. d4 cxd3 30. Qxd3 Bg6 31. Qb3 Bxc2 32. Qxc2 Bxe3 33. g3 R5a7 34. Re1 Bc5 35. Qd1 Rc7 36. Nd4 Bxd4 37. Qxd4 Rc4 38. Qd1 Rac8 39. Qg4 Re8 40. Qh5 Re7 41. Rad1 d4 42. Ra1 g6 43. Qf3 Rc3 44. Qe4 d3 45. Re3 d2 46. Rxc3 d1Q+ 47. Rxd1 Qxd1+ 0-1

[Event "Dieren op"]
[Site "Dieren"]
[Date "1999.07.28"]
[Round "9"]
[White "Kobrin, Michael"]
[Black "Meijere, Agnese"]
[Result "0-1"]
[WhiteElo "2355"]
[BlackElo "2150"]
[PlyCount "72"]
[EventDate "1999.07.20"]
[EventType "swiss"]
[EventRounds "9"]
[EventCountry "NED"]
[SourceTitle "CBM 071 Extra"]
[Source "ChessBase"]
[SourceDate "1999.09.14"]
[SourceVersion "1"]
[SourceVersionDate "1999.09.14"]
[SourceQuality "1"]

1. d4 d5 2. c4 e6 3. Nc3 Nf6 4. Nf3 Be7 5. Bf4 a6 6. e3 0-0 7. cxd5 exd5 8. Bd3 b6 9. Ne5 Bb7 10. Qf3 Nbd7 11. Qh3 g6 12. Bh6 Re8 13. f4 Nf8 14. 0-0 Bd6 15. Bg5 Ne6 16. Bh4 Be7 17. f5 Nf8 18. Qf3 Kg7 19. g4 h6 20. Qh3 g5 21. Bg3 c5 22. Nxf7 Kxf7 23. Qxh6 c4 24. Bc2 Bd6 25. Bxd6 Qxd6 26. Qxg5 N8d7 27. Bd1 Rg8 28. Qf4 Qxf4 29. Rxf4 Rae8 30. h4 Nxg4 31. Rxg4 Rxg4+ 32. Bxg4 Rg8 33. Kf2 Rxg4 34. Rh1 Nf6 35. Ne2 Bc8 36. Ng3 Ne4+ 0-1

[Event "Dieren op"]
[Site "Dieren"]
[Date "1999.07.27"]
[Round "8"]
[White "Meijere, Agnese"]
[Black "Rabinovich, Alexander"]
[Result "0-1"]
[WhiteElo "2150"]
[BlackElo "2413"]
[PlyCount "50"]
[EventDate "1999.07.20"]
[EventType "swiss"]
[EventRounds "9"]
[EventCountry "NED"]
[SourceTitle "CBM 071 Extra"]
[Source "ChessBase"]
[SourceDate "1999.09.14"]
[SourceVersion "1"]
[SourceVersionDate "1999.09.14"]
[SourceQuality "1"]

1. e4 e6 2. d4 d5 3. Nc3 Nf6 4. e5 Nfd7 5. Nce2 c5 6. c3 Nc6 7. Nf3 cxd4 8. cxd4 f6 9. Nf4 Bb4+ 10. Bd2 Qe7 11. exf6 Nxf6 12. Nd3 Bd6 13. g3 0-0 14. Bg2 Bd7 15. 0-0 Be8 16. Bf4 Bh5 17. Bxd6 Qxd6 18. Nf4 Bg4 19. Re1 g5 20. Nh3 Bxh3 21. Bxh3 g4 22. Bxg4 Nxg4 23. Ng5 Nf6 24. Rxe6 Qd7 25. Qd2 h6 0-1

[Event "Dieren op"]
[Site "Dieren"]
[Date "1999.07.24"]
[Round "5"]
[White "Solleveld, Maarten"]
[Black "Meijere, Agnese"]
[Result "1/2-1/2"]
[WhiteElo "2404"]
[BlackElo "2150"]
[PlyCount "50"]
[EventDate "1999.07.20"]
[EventType "swiss"]
[EventRounds "9"]
[EventCountry "NED"]
[SourceTitle "CBM 071 Extra"]
[Source "ChessBase"]
[SourceDate "1999.09.14"]
[SourceVersion "1"]
[SourceVersionDate "1999.09.14"]
[SourceQuality "1"]

1. e4 c5 2. Nf3 e6 3. d4 cxd4 4. Nxd4 a6 5. Bd3 Nc6 6. Nxc6 dxc6 7. 0-0 e5 8. Nd2 Nf6 9. Nc4 Bd6 10. Qf3 Bg4 11. Qg3 h5 12. Bg5 Qc7 13. f4 Bc5+ 14. Kh1 h4 15. Bxh4 exf4 16. Qe1 0-0-0 17. e5 Nh5 18. Be2 Bxe2 19. Qxe2 Qd7 20. Nd6+ Bxd6 21. exd6 g5 22. Be1 Qxd6 23. Kg1 Nf6 24. Bc3 Rde8 25. Qd1 Qc5+ 1/2-1/2

[Event "Rilton Cup 28th"]
[Site "Stockholm"]
[Date "1998.12.28"]
[Round "1"]
[White "Akesson, Ralf"]
[Black "Meijere, Agnese"]
[Result "1-0"]
[WhiteElo "2510"]
[BlackElo "2175"]
[PlyCount "71"]
[EventDate "1998.12.28"]
[EventType "swiss"]
[EventRounds "9"]
[EventCountry "SWE"]
[SourceTitle "CBM 068 Extra"]
[Source "ChessBase"]
[SourceDate "1999.03.01"]
[SourceVersion "1"]
[SourceVersionDate "1999.03.01"]
[SourceQuality "1"]

1. Nf3 d5 2. d4 Nf6 3. c4 e6 4. g3 Be7 5. Bg2 0-0 6. 0-0 b6 7. cxd5 exd5 8. Nc3 Bb7 9. Ne5 Nbd7 10. Qa4 Nb8 11. Bf4 c6 12. Rfd1 Nfd7 13. e4 Nxe5 14. Bxe5 dxe4 15. Bxe4 b5 16. Qc2 h6 17. Nxb5 a6 18. Nc7 Ra7 19. d5 cxd5 20. Nxd5 Bxd5 21. Rxd5 Qc8 22. Qd2 Nc6 23. Rc1 Qe6 24. Bxg7 Kxg7 25. Rxc6 Qxc6 26. Qd4+ Bf6 27. Qxa7 Qc1+ 28. Kg2 Re8 29. Bf3 Qxb2 30. Rd7 Kg6 31. Qxa6 Qe5 32. Qc4 Re7 33. Rd5 Qe1 34. a4 Ra7 35. a5 Rxa5 36. Qe4+ 1-0

[Event "Godesburg op"]
[Site "Bonn"]
[Date "1998.??.??"]
[Round "?"]
[White "Thomas, Ingo"]
[Black "Meijere, Agnese"]
[Result "0-1"]
[WhiteElo "2110"]
[BlackElo "2175"]
[PlyCount "76"]
[EventDate "1998.??.??"]
[EventType "swiss"]
[EventRounds "9"]
[EventCountry "GER"]
[SourceTitle "EXT 2000"]
[Source "ChessBase"]
[SourceDate "1999.11.16"]
[SourceVersion "1"]
[SourceVersionDate "1999.11.16"]
[SourceQuality "1"]

1. e4 e5 2. d4 exd4 3. Qxd4 Nc6 4. Qe3 Nf6 5. Nc3 Be7 6. Bd2 Ng4 7. Qf4 d6 8. h3 Nge5 9. Qh2 Be6 10. f4 Nc4 11. f5 Nxd2 12. fxe6 Nxf1 13. exf7+ Kxf7 14. Qf4+ Ke8 15. Qxf1 Bh4+ 16. Ke2 Nd4+ 17. Kd3 Rf8 18. Qd1 Qg5 19. Nd5 Ne6 20. Qg4 Nc5+ 21. Kc4 Rf7 22. Qxg5 Bxg5 23. Nf3 Bh6 24. e5 Kd7 25. Nxc7 Kxc7 26. exd6+ Kb6 27. Rhe1 Rd8 28. a4 a5 29. Rad1 Rf4+ 30. Kc3 Nxa4+ 31. Kb3 Nc5+ 32. Ka2 Rf6 33. Ne5 Bf4 34. Nc4+ Kb5 35. Na3+ Kc6 36. Nc4 b6 37. Re7 Rd7 38. Rxd7 Nxd7 0-1

[Event "Olympiad Women-32"]
[Site "Yerevan"]
[Date "1996.??.??"]
[Round "14"]
[White "Meijere, Agnese"]
[Black "Fomina, Tatyana"]
[Result "0-1"]
[WhiteElo "2210"]
[BlackElo "2250"]
[PlyCount "98"]
[EventDate "1996.09.15"]
[EventType "team-swiss"]
[EventRounds "14"]
[EventCountry "ARM"]
[SourceTitle "EXT 1997"]
[Source "ChessBase"]
[SourceDate "1996.11.15"]
[SourceVersion "1"]
[SourceVersionDate "1996.11.15"]
[SourceQuality "1"]

1. e4 e6 2. d4 d5 3. Nc3 Bb4 4. e5 b6 5. Qg4 g6 6. Nf3 Ba6 7. Bxa6 Nxa6 8. 0-0 Qd7 9. Ne2 0-0-0 10. c3 Bf8 11. a4 Ne7 12. Qf4 Nf5 13. Qd2 Bg7 14. b4 f6 15. Qd3 Nb8 16. Bf4 Rhg8 17. exf6 Bxf6 18. Be5 Be7 19. b5 g5 20. Rfc1 g4 21. Ne1 Bd6 22. a5 Kb7 23. axb6 cxb6 24. c4 Bxe5 25. c5 bxc5 26. dxc5 Kc8 27. Rab1 Rg7 28. Qa3 Qb7 29. Nd3 Bd4 30. Ndf4 Re8 31. Qd3 Bxc5 32. Rxc5+ Rc7 33. Rxc7+ Kxc7 34. Nd4 Nxd4 35. Qxd4 Nd7 36. Qg7 Kb8 37. Qxg4 e5 38. Nd3 Ka8 39. h3 e4 40. Qe2 d4 41. Nb4 Ne5 42. Na6 d3 43. Qh5 Re7 44. Qg5 Nf3+ 45. gxf3 Rg7 46. h4 h6 47. Qg4 exf3 48. Qg3 Rxg3+ 49. fxg3 Qe4 0-1

[Event "Olympiad Women-32"]
[Site "Yerevan"]
[Date "1996.??.??"]
[Round "10"]
[White "Meijere, Agnese"]
[Black "Klink, Tamara"]
[Result "1/2-1/2"]
[WhiteElo "2210"]
[BlackElo "2275"]
[PlyCount "31"]
[EventDate "1996.09.15"]
[EventType "team-swiss"]
[EventRounds "14"]
[EventCountry "ARM"]
[SourceTitle "EXT 1997"]
[Source "ChessBase"]
[SourceDate "1996.11.15"]
[SourceVersion "1"]
[SourceVersionDate "1996.11.15"]
[SourceQuality "1"]

1. e4 c5 2. Nf3 Nc6 3. d4 cxd4 4. Nxd4 Nf6 5. Nc3 e5 6. Ndb5 d6 7. Bg5 a6 8. Na3 b5 9. Nd5 Be7 10. Bxf6 Bxf6 11. Be2 Bg5 12. c3 0-0 13. Nc2 Bb7 14. Qd3 Kh8 15. 0-0 g6 16. Bf3 1/2-1/2

[Event "Olympiad Women-32"]
[Site "Yerevan"]
[Date "1996.??.??"]
[Round "2"]
[White "Meijere, Agnese"]
[Black "Matveeva, Svetlana"]
[Result "0-1"]
[WhiteElo "2210"]
[BlackElo "2470"]
[PlyCount "64"]
[EventDate "1996.09.15"]
[EventType "team-swiss"]
[EventRounds "14"]
[EventCountry "ARM"]
[SourceTitle "EXT 1997"]
[Source "ChessBase"]
[SourceDate "1996.11.15"]
[SourceVersion "1"]
[SourceVersionDate "1996.11.15"]
[SourceQuality "1"]

1. e4 e6 2. d4 d5 3. Nc3 Nf6 4. e5 Nfd7 5. Nce2 c5 6. c3 cxd4 7. cxd4 Bb4+ 8. Bd2 Qb6 9. Nf3 Nc6 10. g3 f6 11. Bh3 fxe5 12. Bxe6 e4 13. Ng5 Nf6 14. 0-0 Bxd2 15. Qxd2 Nd8 16. Bxc8 Rxc8 17. Rac1 Rxc1 18. Rxc1 0-0 19. Rc5 h6 20. Nh3 Ne6 21. Rc3 g5 22. Rb3 Qc7 23. Ra3 a6 24. Rc3 Qd7 25. Kg2 Ne8 26. b3 Nd6 27. a4 Nf5 28. Rc1 Qf7 29. Rd1 Nh4+ 30. gxh4 Qf3+ 31. Kg1 Qxh3 32. Qe3 Rf3 0-1

[Event "Olympiad Women-32"]
[Site "Yerevan"]
[Date "1996.??.??"]
[Round "8"]
[White "Vilar Lopez, Monica"]
[Black "Meijere, Agnese"]
[Result "1/2-1/2"]
[WhiteElo "2130"]
[BlackElo "2210"]
[PlyCount "44"]
[EventDate "1996.09.15"]
[EventType "team-swiss"]
[EventRounds "14"]
[EventCountry "ARM"]
[SourceTitle "EXT 1997"]
[Source "ChessBase"]
[SourceDate "1996.11.15"]
[SourceVersion "1"]
[SourceVersionDate "1996.11.15"]
[SourceQuality "1"]

1. e4 e5 2. Nf3 Nc6 3. Bc4 Nf6 4. d4 exd4 5. e5 d5 6. Bb5 Ne4 7. Nxd4 Bd7 8. Bxc6 Bxc6 9. 0-0 Bc5 10. Nxc6 bxc6 11. c4 Qh4 12. Be3 d4 13. g3 Qh3 14. Qf3 dxe3 15. fxe3 0-0 16. Qxe4 Rad8 17. a3 Qh5 18. Re1 a5 19. Kg2 Rb8 20. Re2 Rfe8 21. Nc3 Re6 22. Rf1 Rbe8 1/2-1/2